Sociological perspectives on education - Statistics

General Stats
  • This quiz has been taken 7 times
  • The average score is 4 of 8
Answer Stats
Hint Answer % Correct
Who said education serves the function of specialistskills, social solidarity and preparation for work? Functionalism Emile Durkheim
100%
Who said that education acts as an ideological stateapparatus and teaches students that inequality is inevitable? Marxism Althusser
60%
Who said education acts as a bridge to wider societyand teaches meritocracy? Talcott Parsons
60%
Who said inequality is necessary as educationsifts and sorts those who have talent into rewarding positions and tosses away those without? (Role Allocation) Davis and Moore
40%
What interactionist marxist said that the w/c don't passivelyconform to the myth of meritocracy but reject it (lads)? Willis
40%
Who argued that the education system rewards submissionand compliance, punishes deviation and provides a correspondence principle which is taught through the hidden curriculum? Bowles and Gintis
20%
Who said meritocracy was a myth which justifies theprivilege of the ruling class? Bowles and Gintis
20%
What two sociologists argued for decreased state controlover education, increased privatisation, and increased parental choice to improve education quality? New Right Chubb and Moe
20%
No matching quizzes found
Score Distribution
Percent of People with Each Score
Percentile by Number Answered
Your Score History
You have not taken this quiz